[Event "58th ch-RUS Semi-Final"]
[Site "Kazan RUS"]
[Date "2005.09.10"]
[Round "8"]
[White "Rublevsky,S"]
[Black "Khalifman,A"]
[Result "1/2-1/2"]
[WhiteElo "2645"]
[BlackElo "2653"]
[EventDate "2005.09.03"]

1. e4 c5 2. Nf3 d6 3. Bb5+ Nd7 4. d4 Ngf6 5. O-O cxd4 6. Qxd4 g6 7. e5 dxe5
8. Qxe5 Bg7 9. Re1 e6 10. Qd6 a6 11. Bf1 Bf8 12. Qf4 Bg7 13. Qd6 Bf8
1/2-1/2

[Event "58th ch-RUS Semi-Final"]
[Site "Kazan RUS"]
[Date "2005.09.10"]
[Round "8"]
[White "Timofeev,Arty"]
[Black "Jakovenko,D"]
[Result "1/2-1/2"]
[WhiteElo "2661"]
[BlackElo "2627"]
[EventDate "2005.09.03"]

1. e4 e5 2. Nf3 Nc6 3. Bb5 a6 4. Ba4 Nf6 5. O-O Be7 6. Re1 b5 7. Bb3 d6 8.
a4 Bb7 9. c3 O-O 10. d4 h6 11. Nbd2 Re8 12. Bc2 Bf8 13. d5 Ne7 14. b3 c6
15. c4 bxc4 16. bxc4 a5 17. Nf1 Ba6 18. Ne3 Qc7 19. Ba3 Nc8 20. Nd2 Nb6 21.
Rc1 Rec8 22. Bb3 Nbd7 23. dxc6 Qxc6 24. Nd5 Rab8 25. Nc3 Nc5 26. Bc2 Nfd7
27. Nb5 Ra8 28. Nf1 Nb6 29. Ne3 Qd7 30. Rb1 Qe6 31. Nd5 Nxd5 32. cxd5 Qd7
33. Qd2 Be7 34. Qxa5 Bxb5 35. Qxb5 Qxb5 36. Rxb5 Nxa4 37. Bxa4 Rxa4 38. Rb3
Rc2 39. g3 g6 40. Kf1 Rcc4 41. f3 h5 1/2-1/2

[Event "58th ch-RUS Semi-Final"]
[Site "Kazan RUS"]
[Date "2005.09.10"]
[Round "8"]
[White "Alekseev,Evgeny"]
[Black "Zvjaginsev,V"]
[Result "1/2-1/2"]
[WhiteElo "2625"]
[BlackElo "2659"]
[EventDate "2005.09.03"]

1. e4 c5 2. Nf3 Nc6 3. d4 cxd4 4. Nxd4 g6 5. c4 Nf6 6. Nc3 d6 7. Be2 Nxd4
8. Qxd4 Bg7 9. Be3 O-O 10. Qd2 Be6 11. Rc1 Qa5 12. f3 Rfc8 13. b3 a6 14.
Na4 Qxd2+ 15. Kxd2 Nd7 16. g4 f5 17. gxf5 gxf5 18. Rhg1 Kh8 19. Nc3 Rf8 20.
Nd5 Bxd5 21. exd5 f4 22. Bf2 Ne5 23. Rg5 Bf6 24. Rgg1 Bg7 25. Rc2 Rf5 26.
h4 Bf6 27. Rcc1 Rh5 28. Rg2 Rg8 29. Rh2 1/2-1/2

[Event "58th ch-RUS Semi-Final"]
[Site "Kazan RUS"]
[Date "2005.09.10"]
[Round "8"]
[White "Najer,E"]
[Black "Kobalia,M"]
[Result "1-0"]
[WhiteElo "2614"]
[BlackElo "2614"]
[EventDate "2005.09.03"]

1. d4 d5 2. c4 c6 3. Nc3 Nf6 4. Nf3 a6 5. e3 b5 6. b3 Bg4 7. Be2 e6 8. O-O
Nbd7 9. h3 Bh5 10. Bb2 Bd6 11. Ne5 Bxe2 12. Nxe2 bxc4 13. bxc4 O-O 14. Qc2
Qc7 15. Nd3 Rfc8 16. c5 Be7 17. Rfb1 Rcb8 18. Bc3 Qc8 19. Be1 Bd8 20. Rb3
Rb5 21. Rxb5 axb5 22. a4 Ne8 23. Nb4 bxa4 24. Rxa4 Qb7 25. Qa2 Rxa4 26.
Qxa4 Nb8 27. f3 Nc7 28. Nc3 Nca6 29. Nd3 Nc7 30. Bg3 h6 31. Kf1 Nca6 32.
Ke2 Nd7 33. Bd6 f6 34. f4 Kf7 35. Kd2 Ndb8 36. Kc2 Nc7 37. Qb3 Qxb3+ 38.
Kxb3 Nba6 39. Ka4 Ke8 40. Ka5 Kd7 41. Kb6 Nb5+ 42. Kxa6 Nxc3 43. Nb4 Nb5
44. Bf8 Kc7 45. Bxg7 h5 46. f5 exf5 47. Bh6 Kc8 48. Nxc6 Nc7+ 49. Kb6 1-0

[Event "58th ch-RUS Semi-Final"]
[Site "Kazan RUS"]
[Date "2005.09.10"]
[Round "8"]
[White "Kharlov,A"]
[Black "Sorokin,M"]
[Result "1/2-1/2"]
[WhiteElo "2619"]
[BlackElo "2567"]
[EventDate "2005.09.03"]

1. e4 e5 2. Nf3 Nc6 3. Bb5 a6 4. Ba4 Nf6 5. O-O Nxe4 6. d4 b5 7. Bb3 d5 8.
dxe5 Be6 9. Nbd2 Nc5 10. c3 Be7 11. Bc2 d4 12. Nb3 d3 13. Nxc5 dxc2 14.
Qxd8+ Rxd8 15. Nxe6 fxe6 16. Be3 Rd5 17. Rfc1 Nxe5 18. Nxe5 Rxe5 19. Rxc2
Kf7 20. c4 b4 21. Bf4 Re4 22. g3 Rd8 23. Kg2 g5 24. Be3 Re5 25. h3 Bc5 26.
Bxc5 Rxc5 27. Re1 e5 28. b3 a5 29. Re3 a4 30. bxa4 Ra8 31. Rce2 Kf6 32.
Rf3+ Ke6 33. a3 Rxa4 34. axb4 Rxb4 35. Rf8 Rbxc4 36. Rh8 Rc2 37. Re3 R2c3
38. Kf3 Kf5 39. Rxh7 e4+ 40. Kg2 Rxe3 41. fxe3 Rc2+ 42. Kf1 Rc1+ 1/2-1/2

[Event "58th ch-RUS Semi-Final"]
[Site "Kazan RUS"]
[Date "2005.09.10"]
[Round "8"]
[White "Inarkiev,E"]
[Black "Grigoriants,S RUS"]
[Result "1/2-1/2"]
[WhiteElo "2618"]
[BlackElo "2562"]
[EventDate "2005.09.03"]

1. e4 e5 2. Nf3 Nc6 3. Bb5 a6 4. Ba4 Nf6 5. O-O Be7 6. Re1 b5 7. Bb3 O-O 8.
d4 d6 9. c3 Bg4 10. Be3 Bh5 11. h3 exd4 12. cxd4 d5 13. e5 Ne4 14. Nc3 Nxc3
15. bxc3 Na5 16. Bc2 Nc4 17. Bf4 Kh8 18. g4 Bg6 19. Bf5 a5 20. Re2 Ra6 21.
Qd3 Rb6 22. Kg2 Qc8 23. Rh1 b4 24. cxb4 axb4 25. h4 Ra6 26. Bc1 f6 27. e6
Rxe6 28. Bxg6 Rxe2 29. Qxe2 hxg6 30. Qxe7 Re8 31. Qf7 Qxg4+ 32. Kf1 Nd6 33.
Qxd5 Ne4 34. Qc6 Qxf3 35. Qxe8+ Kh7 36. Rh2 Qd1+ 37. Kg2 Qg4+ 38. Kf1 Qd1+
1/2-1/2

[Event "58th ch-RUS Semi-Final"]
[Site "Kazan RUS"]
[Date "2005.09.10"]
[Round "8"]
[White "Yakovich,Yur"]
[Black "Korotylev,A"]
[Result "0-1"]
[WhiteElo "2560"]
[BlackElo "2604"]
[EventDate "2005.09.03"]

1. d4 Nf6 2. c4 g6 3. Nc3 Bg7 4. e4 d6 5. Be2 O-O 6. Bg5 Nc6 7. d5 Ne5 8.
Nf3 h6 9. Be3 Nfg4 10. Bd2 c6 11. Nxe5 Nxe5 12. O-O cxd5 13. exd5 Bf5 14.
Be3 Rc8 15. Bd4 g5 16. b3 a6 17. Qd2 Qa5 18. Rfd1 Ng6 19. Bxg7 Kxg7 20.
Rac1 Ne5 21. h4 f6 22. Qd4 Bd7 23. g3 g4 24. a4 Qb4 25. Rb1 Bf5 26. Na2 Qc5
27. Qxc5 Rxc5 28. Rbc1 Bd7 29. Nc3 f5 30. Ra1 a5 31. Rd4 Rcc8 32. Rf1 f4
33. Rxf4 Rxf4 34. gxf4 Ng6 35. f3 gxf3 36. Rxf3 Nxh4 37. Rg3+ Kh8 38. Kf2
Rf8 39. Bd3 Rxf4+ 40. Ke3 Rf7 41. Bc2 Rg7 42. Rxg7 Kxg7 43. b4 axb4 44. Na2
Nf5+ 45. Ke4 Kf6 46. Nxb4 Kg5 47. a5 h5 48. Nd3 h4 49. Nf2 Ng7 50. Kf3 h3
51. c5 dxc5 52. Ne4+ Kh4 53. Nxc5 Bc8 54. Kf2 Nh5 55. Kg1 Nf6 0-1

[Event "58th ch-RUS Semi-Final"]
[Site "Kazan RUS"]
[Date "2005.09.10"]
[Round "8"]
[White "Shaposhnikov,E"]
[Black "Tseshkovsky,V"]
[Result "1/2-1/2"]
[WhiteElo "2533"]
[BlackElo "2599"]
[EventDate "2005.09.03"]

1. e4 c5 2. Nf3 d6 3. Bb5+ Nd7 4. d4 Ngf6 5. Nc3 a6 6. Bxd7+ Nxd7 7. O-O e6
8. Bg5 f6 9. Bf4 cxd4 10. Nxd4 Nb6 11. Nde2 1/2-1/2

[Event "58th ch-RUS Semi-Final"]
[Site "Kazan RUS"]
[Date "2005.09.10"]
[Round "8"]
[White "Kurnosov,I"]
[Black "Galkin,A"]
[Result "0-1"]
[WhiteElo "2549"]
[BlackElo "2598"]
[EventDate "2005.09.03"]

1. e4 c6 2. d4 d5 3. e5 Bf5 4. h4 h5 5. c4 e6 6. Bg5 Qb6 7. Qd2 dxc4 8. Nc3
Qa6 9. Nh3 Nd7 10. Be2 Ne7 11. b3 Bd3 12. Bxd3 cxd3 13. O-O c5 14. dxc5 Nc6
15. a4 Bxc5 16. Nb5 Qb6 17. Qxd3 Ncxe5 18. Qg3 Kf8 19. Rac1 a6 20. b4 Bxf2+
21. Rxf2 axb5 22. Be3 Qd6 23. Bc5 Nxc5 24. Rxc5 Qd1+ 25. Rf1 Qd4+ 26. Kh1
Nd7 27. Rc7 Kg8 28. Ng5 Rf8 29. axb5 Rh6 30. Rf4 Qa1+ 31. Kh2 Ne5 32. Qc3
Ng4+ 33. Kg3 Qxc3+ 34. Rxc3 Nf6 35. Rf1 Nd5 36. Rcf3 Rf6 37. Rxf6 gxf6 38.
Ne4 Rc8 39. Nxf6+ Nxf6 40. Rxf6 Rc3+ 41. Rf3 Rxf3+ 42. gxf3 Kg7 43. Kf4 Kf6
44. Ke4 b6 45. f4 Ke7 46. Ke5 f6+ 47. Kd4 Kd6 48. Ke4 f5+ 49. Kd4 e5+ 50.
fxe5+ 0-1

[Event "58th ch-RUS Semi-Final"]
[Site "Kazan RUS"]
[Date "2005.09.10"]
[Round "8"]
[White "Shariyazdanov,A"]
[Black "Chuprov,D"]
[Result "1-0"]
[WhiteElo "2592"]
[BlackElo "2477"]
[EventDate "2005.09.03"]

1. d4 Nf6 2. c4 c5 3. d5 b5 4. Nf3 e6 5. dxe6 fxe6 6. cxb5 d5 7. g3 Bd6 8.
Bg2 O-O 9. O-O a6 10. Nc3 axb5 11. Nxb5 Nc6 12. Bg5 Be7 13. a4 Kh8 14. b3
Ba6 15. Rc1 Qb6 16. Bh3 Bxb5 17. axb5 Na7 18. Qd3 Nxb5 19. Bxe6 Qxe6 20.
Qxb5 c4 21. bxc4 Qxe2 22. Bxf6 Rxf6 23. Nd4 Qg4 24. Nc6 Qh3 25. Rc2 Rh6 26.
f4 Bd6 27. Qxd5 Rc8 28. Re1 Rf6 29. c5 Bf8 30. Ne7 Rc7 31. Qg8+ 1-0

[Event "58th ch-RUS Semi-Final"]
[Site "Kazan RUS"]
[Date "2005.09.10"]
[Round "8"]
[White "Khismatullin,D"]
[Black "Vitiugov,N"]
[Result "1/2-1/2"]
[WhiteElo "2583"]
[BlackElo "2519"]
[EventDate "2005.09.03"]

1. c4 e6 2. Nc3 d5 3. d4 c6 4. e4 dxe4 5. Nxe4 Bb4+ 6. Nc3 c5 7. a3 Ba5 8.
Be3 Nf6 9. dxc5 Bxc3+ 10. bxc3 Qa5 11. Nf3 O-O 12. Qc2 Nbd7 13. c6 bxc6 14.
Be2 c5 15. O-O Bb7 16. Bf4 Rfd8 17. Rfd1 Nf8 18. Qb2 Ng6 19. Be3 Qc7 20.
Ne1 Bc6 21. f3 e5 22. Rxd8+ Rxd8 23. Rd1 Rxd1 24. Bxd1 e4 25. Qf2 exf3 26.
gxf3 Nf4 27. Qd2 Ne6 28. Nd3 Nd7 29. Nf4 Nxf4 30. Bxf4 Qb7 31. Kf2 h6 32.
Bc2 Nf8 33. Qe2 Ne6 34. Bg3 Qa8 35. h4 Qd8 36. Qe3 Qf6 37. Qd3 g6 38. Qe3
Ng7 39. Ke2 Nh5 40. Be5 Qe6 41. Bd3 Nf6 42. Bf4 Qh3 43. Qf2 Nd7 44. Bg3 Nf8
45. Kd2 Ne6 46. Bc2 f5 47. Bd6 Qxf3 48. Bxc5 Nxc5 49. Qxc5 Qf4+ 50. Qe3
Qxe3+ 51. Kxe3 Kf7 52. h5 g5 53. Bxf5 Kf6 54. Bg4 Ke5 55. Bd1 Bd7 56. Bc2
Be6 57. Bd3 Bg4 58. Bg6 Be6 59. Bd3 a5 60. Be2 Bf7 61. c5 Kd5 62. c6 Kxc6
63. Kd4 Kd6 64. c4 Be6 65. Bf3 Bd7 66. c5+ Kc7 67. Ke5 Bh3 68. Be4 Bg4 69.
Bg6 Bf3 70. Be8 Bc6 71. Bg6 Bb7 72. Bf5 Bc8 73. Be4 Bg4 74. Bg6 Kc6 75. Kd4
Bd1 76. Be8+ Kc7 77. Bg6 g4 78. Be4 g3 79. Ke3 Bxh5 80. Kf4 1/2-1/2

[Event "58th ch-RUS Semi-Final"]
[Site "Kazan RUS"]
[Date "2005.09.10"]
[Round "8"]
[White "Smirnov,P"]
[Black "Bryzgalin,K"]
[Result "1-0"]
[WhiteElo "2635"]
[BlackElo "2480"]
[EventDate "2005.09.03"]

1. e4 c5 2. Nf3 Nc6 3. d4 cxd4 4. Nxd4 e6 5. Nc3 a6 6. Nxc6 bxc6 7. Bd3 d5
8. O-O Qc7 9. Re1 Bb7 10. Qf3 Nf6 11. Bf4 Qa5 12. a3 Be7 13. b4 Qd8 14.
Rad1 a5 15. exd5 cxd5 16. Nb5 Rc8 17. Na7 Ra8 18. Bb5+ Nd7 19. Nc6 Qb6 20.
Nxe7 Qxb5 21. Nxd5 O-O 22. c4 Bxd5 23. cxb5 Bxf3 24. Rxd7 Bd5 25. b6 axb4
26. axb4 Rfd8 27. Rxd5 1-0

[Event "58th ch-RUS Semi-Final"]
[Site "Kazan RUS"]
[Date "2005.09.10"]
[Round "8"]
[White "Tkachiev,V"]
[Black "Gavrilov,Al1"]
[Result "1/2-1/2"]
[WhiteElo "2625"]
[BlackElo "2464"]
[EventDate "2005.09.03"]

1. d4 Nf6 2. c4 e6 3. Nf3 b6 4. g3 Bb7 5. Bg2 Be7 6. Nc3 O-O 7. O-O Na6 8.
b3 Ne4 9. Bb2 f5 10. d5 Bf6 11. Nd4 Nxc3 12. Bxc3 Nc5 13. Rc1 a5 14. Nb5
Bxc3 15. Nxc3 Qf6 16. a3 a4 17. b4 Nb3 18. Rc2 c5 19. Nb5 e5 20. e3 d6 21.
Nc7 Ra7 22. Ne6 Re8 23. f4 e4 24. bxc5 bxc5 25. g4 Bc8 26. gxf5 Qxf5 27.
Ng5 Qg6 28. h4 Bf5 29. h5 Qf6 30. Bh3 Bxh3 31. Nxh3 Rb7 32. Qe1 Nd4 33.
exd4 cxd4 34. Nf2 Qf5 35. Qe2 Rb3 36. Qg4 Qxg4+ 37. Nxg4 d3 38. Rg2 Kf7 39.
Ne3 Rxa3 40. c5 dxc5 41. Nc4 e3 42. Nxa3 e2 43. Nc4 exf1=Q+ 44. Kxf1 Kf6
45. Rb2 Ra8 46. Ra2 Kf5 47. d6 Kxf4 48. Ke1 g5 49. hxg6 hxg6 50. Kd2 g5 51.
Kxd3 g4 52. Nb6 Rd8 53. d7 Kf3 54. Ra1 g3 55. Kc4 1/2-1/2

[Event "58th ch-RUS Semi-Final"]
[Site "Kazan RUS"]
[Date "2005.09.10"]
[Round "8"]
[White "Popov,Val"]
[Black "Epishin,V"]
[Result "1/2-1/2"]
[WhiteElo "2570"]
[BlackElo "2600"]
[EventDate "2005.09.03"]

1. d4 Nf6 2. c4 e6 3. Nf3 Bb4+ 4. Nbd2 b6 5. a3 Bxd2+ 6. Qxd2 Bb7 7. e3 O-O
8. Bd3 Ne4 9. Qc2 f5 10. b4 a5 11. b5 d6 12. O-O Nd7 13. Bb2 Qe8 14. Nd2
Nxd2 15. Qxd2 e5 16. f4 exd4 17. exd4 Be4 18. Bxe4 fxe4 19. d5 Qg6 20. Rae1
Rae8 21. Re3 Re7 22. Bd4 Qf5 23. Qe2 Nf6 24. Bxf6 Qxf6 25. g3 g6 26. Kg2
Rfe8 27. Qd1 h5 28. Rf2 Rh7 29. h3 Rf7 30. Rf1 h4 31. g4 g5 32. f5 1/2-1/2

[Event "58th ch-RUS Semi-Final"]
[Site "Kazan RUS"]
[Date "2005.09.10"]
[Round "8"]
[White "Riazantsev,A"]
[Black "Vorobiov,E"]
[Result "1/2-1/2"]
[WhiteElo "2599"]
[BlackElo "2552"]
[EventDate "2005.09.03"]

1. d4 d5 2. c4 dxc4 3. Nf3 e6 4. e3 Nf6 5. Bxc4 c5 6. O-O a6 7. dxc5 Bxc5
8. Qxd8+ Kxd8 9. b3 Ke7 10. Bb2 Rd8 11. Be2 b6 12. Ne5 Bb7 13. Nd3 Bd6 14.
Nd2 b5 15. Rfc1 Nbd7 16. Bf3 Bxf3 17. Nxf3 Rdc8 18. Kf1 g6 19. Ke2 Nd5 20.
g3 f6 21. e4 Nb4 22. Nxb4 Bxb4 23. Nd4 Bc5 24. f4 e5 25. Nf3 Bd6 26. fxe5
Nxe5 27. Nxe5 Bxe5 28. Bxe5 fxe5 29. h4 h5 30. a4 1/2-1/2

[Event "58th ch-RUS Semi-Final"]
[Site "Kazan RUS"]
[Date "2005.09.10"]
[Round "8"]
[White "Dvoirys,S"]
[Black "Khairullin,I"]
[Result "1-0"]
[WhiteElo "2589"]
[BlackElo "2538"]
[EventDate "2005.09.03"]

1. Nf3 Nf6 2. c4 g6 3. Nc3 Bg7 4. d4 d6 5. g3 O-O 6. Bg2 Nc6 7. O-O a6 8.
e3 Rb8 9. Ne1 Na5 10. b3 c5 11. Nc2 Bd7 12. Rb1 Qc7 13. a4 b5 14. axb5 axb5
15. Nxb5 Bxb5 16. cxb5 Rxb5 17. dxc5 dxc5 18. Na3 Rbb8 19. Qc2 Rfc8 20. Bd2
Qb6 21. Nc4 Nxc4 22. bxc4 Qa6 23. Ra1 Qe6 24. Ra7 Ne8 25. Bd5 Qd6 26. Ba5
Qf6 27. Qa4 Nd6 28. Bc7 Rb2 29. Qd7 Rf8 30. Bd8 Nf5 31. Be4 Rb8 32. Ba5 e6
33. Bc7 Rb4 34. Bd3 Rb3 35. Bxf5 exf5 36. Rd1 Qe6 37. Qxe6 fxe6 38. Rd7 Bf6
39. Bd6 Rc8 40. Bxc5 Rc3 41. Be7 1-0

[Event "58th ch-RUS Semi-Final"]
[Site "Kazan RUS"]
[Date "2005.09.10"]
[Round "8"]
[White "Kosyrev,V"]
[Black "Novikov,St"]
[Result "1-0"]
[WhiteElo "2540"]
[BlackElo "2534"]
[EventDate "2005.09.03"]

1. d4 Nc6 2. Nf3 d6 3. d5 Ne5 4. Nxe5 dxe5 5. e4 Nf6 6. Nc3 a6 7. f4 Qd6 8.
Qf3 e6 9. fxe5 Qxe5 10. Bf4 Qd4 11. Be3 Qb4 12. O-O-O e5 13. h3 Bd7 14. g4
Bc5 15. Bxc5 Qxc5 16. g5 Ng8 17. h4 Qd6 18. Bh3 Bxh3 19. Rxh3 Ne7 20. h5
Rf8 21. Qg4 Qd7 22. Qxd7+ Kxd7 23. Na4 b6 24. c4 Nc8 25. c5 bxc5 26. Nxc5+
Ke8 27. h6 g6 28. Nd3 f6 29. gxf6 Rxf6 30. Nxe5 Nd6 31. Rc3 Rc8 32. Nc6 Nb5
33. Rc2 Rf4 34. e5 Kd7 35. b3 Ra8 36. Kb2 Na7 37. Nd4 Rc8 38. Ne6 Rf5 39.
Rdc1 c6 40. Nc5+ Ke8 41. Nb7 Rxe5 42. Nd6+ Kd7 43. Nxc8 Kxc8 44. dxc6 Kc7
45. Rf1 Re7 46. Rf8 Nb5 47. Rg8 Nd4 48. Rd2 Re4 49. Rg7+ Kxc6 50. Rxh7 Rh4
51. Rg7 a5 52. Rxg6+ Kc5 53. Rg5+ Kb6 54. h7 Nc6 55. Rg7 1-0

[Event "58th ch-RUS Semi-Final"]
[Site "Kazan RUS"]
[Date "2005.09.10"]
[Round "8"]
[White "Yevseev,D"]
[Black "Iljin,A"]
[Result "1-0"]
[WhiteElo "2537"]
[BlackElo "2500"]
[EventDate "2005.09.03"]

1. d4 Nf6 2. c4 e6 3. g3 d5 4. Bg2 Bb4+ 5. Bd2 Be7 6. Nf3 O-O 7. O-O c6 8.
Bf4 b6 9. Nc3 Bb7 10. Ne5 Nfd7 11. e4 Nxe5 12. Bxe5 dxc4 13. Qg4 g6 14.
Rad1 Nd7 15. Bf4 Nf6 16. Qe2 b5 17. Rfe1 Re8 18. h4 Qb6 19. Bg5 c5 20. dxc5
Qc6 21. b4 cxb3 22. axb3 b4 23. Nb5 h6 24. Bxf6 Bxf6 25. Nd6 Bc3 26. Nxb7
Qxb7 27. e5 Qc7 28. Bxa8 Bxe1 29. Qxe1 Rxa8 30. Qxb4 Rc8 31. Qc3 a5 32. c6
Kg7 33. Rd6 Qb6 34. Qf3 1-0

[Event "58th ch-RUS Semi-Final"]
[Site "Kazan RUS"]
[Date "2005.09.10"]
[Round "8"]
[White "Savchenko,B"]
[Black "Obolenskikh,D"]
[Result "1-0"]
[WhiteElo "2534"]
[BlackElo "2437"]
[EventDate "2005.09.03"]

1. e4 c5 2. Nc3 e6 3. Nf3 a6 4. d4 cxd4 5. Nxd4 b5 6. Bd3 Qb6 7. Nb3 d6 8.
a4 b4 9. a5 Qc7 10. Na4 Nd7 11. Be3 Bb7 12. Nb6 Rb8 13. Qe2 Ngf6 14. Nd2 d5
15. Bxa6 Bxa6 16. Qxa6 dxe4 17. Qc4 Qxc4 18. Ndxc4 Nd5 19. Ke2 N7xb6 20.
Nxb6 Be7 21. a6 Nxb6 22. a7 Ra8 23. Bxb6 Kd7 24. Rhd1+ Kc6 25. Be3 Rhd8 26.
Ra6+ 1-0

[Event "58th ch-RUS Semi-Final"]
[Site "Kazan RUS"]
[Date "2005.09.10"]
[Round "8"]
[White "Chebotarev,O"]
[Black "Bezgodov,A"]
[Result "0-1"]
[WhiteElo "2517"]
[BlackElo "2548"]
[EventDate "2005.09.03"]

1. e4 e5 2. Nf3 Nc6 3. Bb5 Nf6 4. d3 Bc5 5. Nc3 d6 6. Na4 Bb6 7. c3 O-O 8.
O-O Bd7 9. Nxb6 axb6 10. Ba4 Ne7 11. Bc2 Ng6 12. d4 h6 13. h3 Qe7 14. Re1
Nh7 15. Kh2 f6 16. Be3 Kh8 17. Qb1 Ng5 18. Ng1 Nh4 19. f4 exf4 20. Bxf4 f5
21. Bg3 Nxg2 22. Kxg2 f4 23. Bf2 f3+ 24. Kh2 Nxh3 25. Nxh3 Qe6 26. Ng5 Qg4
27. Bg3 Qh5+ 0-1

[Event "58th ch-RUS Semi-Final"]
[Site "Kazan RUS"]
[Date "2005.09.10"]
[Round "8"]
[White "Galliamova,A"]
[Black "Tregubov,P"]
[Result "1-0"]
[WhiteElo "2453"]
[BlackElo "2607"]
[EventDate "2005.09.03"]

1. e4 c5 2. Nf3 Nc6 3. d4 cxd4 4. Nxd4 e5 5. Nb5 d6 6. c4 Be7 7. Be3 f5 8.
exf5 Bxf5 9. Bd3 Be6 10. O-O Nf6 11. Nd2 Qd7 12. Rc1 O-O 13. Ne4 Kh8 14.
Nxf6 Rxf6 15. Bg5 Rff8 16. Bxe7 Qxe7 17. Be4 Rad8 18. Qd3 a6 19. Nc3 Qh4
20. Rcd1 Rf6 21. b3 Nd4 22. Bxb7 Bg4 23. f3 Rh6 24. fxg4 Qxh2+ 25. Kf2 Rf8+
26. Ke3 Rhf6 27. Rxf6 Rxf6 28. Kd2 Qh6+ 29. Qe3 Rf2+ 30. Kd3 Qh4 31. Rh1
1-0

[Event "58th ch-RUS Semi-Final"]
[Site "Kazan RUS"]
[Date "2005.09.10"]
[Round "8"]
[White "Kabanov,N"]
[Black "Iljushin,A"]
[Result "0-1"]
[WhiteElo "2508"]
[BlackElo "2531"]
[EventDate "2005.09.03"]

1. e4 e6 2. Nf3 d5 3. e5 c5 4. b4 b6 5. c3 Qd7 6. Na3 cxb4 7. cxb4 Nc6 8.
Nc2 Bb7 9. a3 d4 10. Bb2 d3 11. Ne3 Nge7 12. g3 Nd5 13. Bg2 a5 14. b5 Nce7
15. Qa4 Nc7 16. O-O Nxb5 17. Nc4 Nc8 18. Nd4 Bxg2 19. Kxg2 Nc7 20. Qb3 Qd5+
21. f3 b5 22. Rac1 a4 23. Qxd3 bxc4 24. Rxc4 Qd7 25. Qc2 Nd5 26. Nb5 Ncb6
27. Nc7+ Nxc7 28. Rxc7 Rc8 29. Rxc8+ Qxc8 30. Qe4 Be7 31. Bd4 Nd5 32. f4
O-O 33. f5 Qc6 34. Rf3 exf5 35. Qxf5 Nc7 36. Be3 Ne6 37. d4 g6 38. Qd3 Rd8
39. g4 Qd5 0-1

[Event "58th ch-RUS Semi-Final"]
[Site "Kazan RUS"]
[Date "2005.09.10"]
[Round "8"]
[White "Bragin,Alex"]
[Black "Kosteniuk,A"]
[Result "1/2-1/2"]
[WhiteElo "2396"]
[BlackElo "2516"]
[EventDate "2005.09.03"]

1. e4 c5 2. Nf3 d6 3. d4 cxd4 4. Nxd4 Nf6 5. Nc3 Nc6 6. Bc4 e6 7. Bb3 a6 8.
Be3 Be7 9. f4 O-O 10. O-O Nxd4 11. Bxd4 b5 12. e5 dxe5 13. fxe5 Nd7 14. Ne4
Bb7 15. Nd6 Bxd6 16. exd6 Qg5 17. Rf2 a5 18. Qe2 Ra6 19. Bc3 b4 20. Bd2 Qc5
21. Bf4 Nf6 22. Bc4 Raa8 23. Bd3 Nd5 24. Qe4 f5 25. Qxe6+ Kh8 26. Bg5 Rae8
27. Be7 Nxe7 28. dxe7 Rxe7 29. Qc4 Qxc4 30. Bxc4 g6 31. Rd2 Rc8 1/2-1/2

[Event "58th ch-RUS Semi-Final"]
[Site "Kazan RUS"]
[Date "2005.09.11"]
[Round "9"]
[White "Korotylev,A"]
[Black "Timofeev,Arty"]
[Result "1/2-1/2"]
[WhiteElo "2604"]
[BlackElo "2661"]
[EventDate "2005.09.03"]

1. d4 Nf6 2. c4 g6 3. Nc3 d5 4. cxd5 Nxd5 5. Bd2 Bg7 6. e4 Nb6 7. Be3 O-O
8. Bb5 Nc6 9. Nge2 Bd7 10. O-O a6 11. Bxc6 Bxc6 12. d5 Bd7 13. Qb3 e6 14.
Rfd1 exd5 15. exd5 Nc8 16. Ne4 Nd6 17. N2c3 Bg4 18. f3 Bf5 19. Bg5 f6 20.
Bf4 g5 21. Bg3 b6 22. Nxd6 cxd6 23. Qb4 Re8 24. Qxd6 Bf8 25. Qc6 Bc5+ 26.
Kh1 Bd7 27. Qb7 Qc8 28. Qxc8 Raxc8 29. Ne4 Kg7 30. Rac1 Kg6 31. h4 h6 32.
h5+ Kg7 33. Be1 f5 34. Nxc5 Rxc5 35. Bf2 Rxc1 36. Rxc1 Rc8 37. Rxc8 Bxc8
38. Bxb6 Kf7 39. Kg1 Bb7 40. d6 Ke6 41. Bd4 Bc6 42. Bg7 g4 43. fxg4 fxg4
44. Bxh6 Be8 45. Kf2 Bxh5 46. Kg3 Kxd6 47. a3 a5 48. b4 Kc6 49. Kh4 Be8 50.
Kxg4 Kb5 51. Bf8 Ka4 52. Kf4 Bb5 53. Ke4 1/2-1/2

[Event "58th ch-RUS Semi-Final"]
[Site "Kazan RUS"]
[Date "2005.09.11"]
[Round "9"]
[White "Zvjaginsev,V"]
[Black "Shariyazdanov,A"]
[Result "1-0"]
[WhiteElo "2659"]
[BlackElo "2592"]
[EventDate "2005.09.03"]

1. e4 c5 2. Nf3 Nc6 3. c3 Nf6 4. e5 Nd5 5. Bc4 Nb6 6. Bb3 d5 7. exd6 c4 8.
Bc2 Qxd6 9. O-O Bg4 10. Re1 e6 11. b3 Be7 12. Na3 cxb3 13. axb3 Nd5 14. Nb5
Qd7 15. Ra4 Ncb4 16. Nbd4 Bf6 17. h3 Nxc2 18. Qxc2 Bh5 19. Ba3 b5 20. Ra5
Bxf3 21. Nxf3 Bd8 22. Ra6 Qb7 23. Raxe6+ fxe6 24. Rxe6+ Ne7 25. Qf5 Rf8 26.
Qh5+ Rf7 27. Nd4 g6 28. Qe5 a6 29. Qh8+ Rf8 30. Qxh7 Qd5 31. Rxe7+ 1-0

[Event "58th ch-RUS Semi-Final"]
[Site "Kazan RUS"]
[Date "2005.09.11"]
[Round "9"]
[White "Galkin,A"]
[Black "Alekseev,Evgeny"]
[Result "1/2-1/2"]
[WhiteElo "2598"]
[BlackElo "2625"]
[EventDate "2005.09.03"]

1. e4 c5 2. Nf3 d6 3. d4 cxd4 4. Nxd4 Nf6 5. Nc3 a6 6. Be2 e5 7. Nb3 Be7 8.
Bg5 Be6 9. Bxf6 Bxf6 10. Qd3 Nc6 1/2-1/2

[Event "58th ch-RUS Semi-Final"]
[Site "Kazan RUS"]
[Date "2005.09.11"]
[Round "9"]
[White "Smirnov,P"]
[Black "Tomashevsky,E"]
[Result "0-1"]
[WhiteElo "2635"]
[BlackElo "2555"]
[EventDate "2005.09.03"]

1. e4 e5 2. Nf3 Nc6 3. Bb5 a6 4. Ba4 Nf6 5. O-O b5 6. Bb3 Bb7 7. d3 Be7 8.
Re1 O-O 9. a3 Re8 10. Nc3 h6 11. Nd5 Bf8 12. c3 d6 13. h3 Rb8 14. Nxf6+
Qxf6 15. Nh2 Bc8 16. Re3 Be6 17. Ng4 Qh4 18. Bd5 Nd8 19. Rg3 Kh8 20. Qf3
Bxd5 21. exd5 Qh5 22. Be3 f6 23. b4 c6 24. dxc6 Rc8 25. a4 Nxc6 26. axb5
axb5 27. Bd2 Ne7 28. Ra5 Qf7 29. h4 f5 30. Nh2 f4 31. Rh3 Nf5 32. Rxb5 Ra8
33. g4 fxg3 34. fxg3 Qd7 35. Rb7 Qc8 36. Rf7 Nd4 37. Qg4 Ra1+ 38. Rf1 Qxg4
39. Nxg4 Nf3+ 40. Kf2 Rxf1+ 41. Kxf1 Nxd2+ 42. Ke2 Nb1 43. c4 d5 0-1

[Event "58th ch-RUS Semi-Final"]
[Site "Kazan RUS"]
[Date "2005.09.11"]
[Round "9"]
[White "Vitiugov,N"]
[Black "Kharlov,A"]
[Result "1/2-1/2"]
[WhiteElo "2519"]
[BlackElo "2619"]
[EventDate "2005.09.03"]

1. d4 Nf6 2. c4 g6 3. Nc3 d5 4. cxd5 Nxd5 5. e4 Nxc3 6. bxc3 Bg7 7. Nf3 c5
8. Be3 Nc6 9. Rc1 Qa5 10. Bd2 Bg4 11. Qb3 O-O 12. d5 Bxf3 13. gxf3 Ne5 14.
c4 Qb6 15. Be2 Qxb3 16. axb3 Nd7 17. f4 e5 18. fxe5 Bxe5 19. f4 Bd4 20. h4
Nf6 21. e5 Ne4 22. Rh3 f6 23. e6 a5 24. Rd3 Bf2+ 25. Kf1 Nxd2+ 26. Kxf2
Ne4+ 27. Kg2 Nd6 28. h5 Kg7 29. Re3 f5 30. Bd3 Rae8 31. Rh1 Re7 32. Rg3 Kf6
33. hxg6 hxg6 34. Rh6 Rg7 35. Be2 b6 36. Rgh3 Re8 37. Rh8 Rge7 38. Kg3 Rxh8
39. Rxh8 1/2-1/2

[Event "58th ch-RUS Semi-Final"]
[Site "Kazan RUS"]
[Date "2005.09.11"]
[Round "9"]
[White "Sorokin,M"]
[Black "Inarkiev,E"]
[Result "1/2-1/2"]
[WhiteElo "2567"]
[BlackElo "2618"]
[EventDate "2005.09.03"]

1. e4 c5 2. c3 d6 3. d4 Nf6 4. Bd3 g6 5. Nf3 Bg7 6. O-O O-O 7. Re1 Qc7 8.
h3 Nfd7 9. Bg5 Nc6 10. d5 Nce5 11. Bxe7 Nxf3+ 12. gxf3 Re8 13. Bg5 h6 14.
Bf4 Nf6 15. Bh2 Bxh3 16. Nd2 Rad8 17. Kh1 Nh5 18. f4 f5 19. Re3 Bg4 20. Qg1
Nf6 21. Rae1 c4 22. Bc2 b5 23. f3 Bh5 24. Nf1 fxe4 25. fxe4 Nxe4 26. Qg2
Nf6 27. Rxe8+ Rxe8 28. Rxe8+ Nxe8 29. Bxg6 Bxg6 30. Qxg6 Nf6 31. Ne3 Qf7
32. Qf5 Qh5 33. Qxh5 Nxh5 34. Kg2 Kf7 35. Kf3 Nf6 36. Bg3 Nd7 37. Nf5 Bf8
38. Bf2 a6 39. Bd4 Kg6 40. Nh4+ Kh5 41. Nf5 Kg6 42. Nh4+ Kh5 43. Nf5 Kg6
44. Ke4 1/2-1/2

[Event "58th ch-RUS Semi-Final"]
[Site "Kazan RUS"]
[Date "2005.09.11"]
[Round "9"]
[White "Kobalia,M"]
[Black "Shaposhnikov,E"]
[Result "1-0"]
[WhiteElo "2614"]
[BlackElo "2533"]
[EventDate "2005.09.03"]

1. e4 e6 2. d4 d5 3. Nd2 dxe4 4. Nxe4 Bd7 5. Nf3 Bc6 6. Bd3 Nd7 7. Ned2
Ngf6 8. Nc4 Be7 9. O-O Bd5 10. Nce5 O-O 11. Ng5 c5 12. c4 Bc6 13. Qc2 g6
14. Nexf7 Rxf7 15. Nxe6 Qc8 16. Bxg6 Rg7 17. Nxg7 Kxg7 18. Re1 Bd6 19. dxc5
Be5 20. Bf5 Qc7 21. Qd2 Bxh2+ 22. Kh1 Kh8 23. Bxd7 Nxd7 24. b4 Rg8 25. Bb2+
Be5 26. Rxe5 Nxe5 27. Qf4 Bxg2+ 28. Kh2 1-0